| 000 | 01086cam a22003014a 4500 | ||
|---|---|---|---|
| 999 |
_c54507 _d54507 |
||
| 001 | 1201180 | ||
| 003 | OSt | ||
| 005 | 20190730150615.0 | ||
| 008 | 981210s1999 mnuab b 001 0 eng | ||
| 010 | _a 98053815 | ||
| 020 | _a0800630726 (pbk. : alk. paper) | ||
| 040 |
_aDLC _cDLC _dDLC |
||
| 042 | _apcc | ||
| 050 | 0 | 0 |
_aBS2330.2 _b.J64 1999 |
| 082 | 0 | 0 |
_a225.6/1 _221 |
| 100 | 1 | _aJohnson, Luke Timothy. | |
| 245 | 1 | 4 |
_aThe writings of the New Testament : _ban interpretation / _cLuke Timothy Johnson ; with the assistance of Todd C. Penner. |
| 250 | _aRev. ed. | ||
| 260 |
_aMinneapolis : _bFortress Press, _cc1999. |
||
| 300 |
_axv, 694 p. : _bill., map ; _c24 cm. |
||
| 504 | _aIncludes bibliographical references and indexes. | ||
| 630 | 0 | 0 |
_aBible. _pNew Testament _vIntroductions. |
| 700 | 1 | _aPenner, Todd C. | |
| 906 |
_a7 _bcbc _corignew _d1 _eocip _f19 _gy-gencatlg |
||
| 942 |
_2lcc _cBK |
||